[Event "Floripa Chess Open 2024"]
[Site "Florianopolis"]
[Date "2024.01.22"]
[Round "3.95"]
[White "Santos, Marcos Correia"]
[Black "Gazola, Vanessa Ramos"]
[Result "0-1"]
[WhiteElo "1564"]
[BlackElo "1921"]
[PlyCount "110"]
[EventDate "2024.01.20"]
[EventRounds "10"]
[EventCountry "BRA"]

1. e4 c5 2. c3 d5 3. exd5 Qxd5 4. d4 e6 5. Nf3 Nf6 6. Be3 cxd4 7. cxd4 Bb4+ 8.
Nc3 Qa5 9. Bd2 O-O 10. Bd3 Nc6 11. O-O Qd8 12. a3 Be7 13. Be3 b6 14. Bc2 ({RR} 
14. Qc2 Bb7 15. Rad1 g6 16. Qe2 Qb8 17. h3 Re8 18. Bc4 Bf8 19. Rfe1 Bg7 20. Bg5
a6 21. Ne5 b5 22. Ba2 Qc7 23. Bxf6 Bxf6 24. Ne4 Bg7 25. Rc1 Qb6 26. Nxc6 Bxc6
27. Nd6 Bf3 28. Qxf3 Qxd6 {Corrales Jimenez,F (2599)-Brunello,S (2497)
Khanty-Mansiysk 2010 1/2-1/2 (41)}) ({RR} 14. Qd2 Bb7 15. Rad1 Rc8 16. Ne5 Nd5
17. Ne2 Nxe3 {1/2-1/2 (16) Romero Barreto,J (2403)-Almiron,A (2387) Buenos
Aires ARG 2019}) 14... Ba6 15. Re1 Rc8 16. Rc1 Nd5 $146 ({RR} 16... Qd6 17. Ng5
Rfd8 18. Qf3 h6 19. Nxf7 Kxf7 20. Bb3 Nxd4 21. Bxd4 Qxd4 22. Bxe6+ Kf8 23. Bxc8
Rxc8 24. Rcd1 Qg4 25. Qxg4 Nxg4 26. Rd4 Nf6 27. Ra4 Bc4 28. Rxa7 Bc5 29. h3 Bb3
30. a4 Bb4 31. Re5 {Blees,A (2380)-Skembris,S (2455) Xanthi 1991 0-1 (45)}) 17.
Bd2 Nxc3 18. Bxc3 Bf6 19. Bb1 g6 20. Ba2 Ne7 21. Qa4 Bb7 22. Ne5 a6 23. Nd7 Nd5
24. Nxf8 Nxc3 25. Rxc3 Qxf8 26. Rec1 Rd8 27. Rc7 Rxd4 28. Qc2 Be4 29. Qe2 Qd6
30. Bb3 Qf4 31. Rc8+ Kg7 32. g3 Qf5 33. Bc2 Bg5 34. Bxe4 Rxe4 35. Qxa6 Bxc1 36.
Rxc1 b5 37. Qc6 Re2 38. Qc3+ e5 39. Rf1 h5 40. Qb3 e4 41. Qc3+ Qf6 42. Qxf6+
Kxf6 43. Rb1 Ke5 44. Kf1 Rc2 45. b4 f5 46. h4 f4 47. Rb3 f3 48. Re3 Ra2 49. Ke1
Ra1+ 50. Kd2 Ra2+ 51. Ke1 Kd4 52. Rb3 Re2+ 53. Kf1 Ra2 54. Ke1 Ra1+ 55. Kd2 Rf1
0-1

[Event "Floripa Chess Open 2024"]
[Site "Florianopolis"]
[Date "2024.01.22"]
[Round "3.96"]
[White "Rekik, Ismail"]
[Black "Mauro, Roberto Da Silva"]
[Result "1-0"]
[WhiteElo "1919"]
[BlackElo "1562"]
[PlyCount "85"]
[EventDate "2024.01.20"]
[EventRounds "10"]
[EventCountry "BRA"]

1. c4 e6 2. Nc3 d5 3. cxd5 exd5 4. d4 Nf6 5. Bf4 Bd6 6. Bg3 O-O 7. e3 Re8 ({RR
} 7... Bf5 8. Nge2 Nc6 9. Bxd6 Qxd6 10. Ng3 Bg6 11. Bd3 a6 12. O-O Nb4 13. Bf5
c5 14. dxc5 Qxc5 15. Rc1 Qa5 16. Bxg6 hxg6 17. a3 Nc6 18. Nge2 Qb6 19. Na4 Qa7
20. Nd4 {1/2-1/2 (20) Belous,V (2554)-Grachev,B (2685) Moscow 2012}) ({RR} 7...
Bf5 8. Qb3 Bxg3 9. hxg3 b6 10. Nf3 Nc6 11. Nh4 Na5 12. Qa4 Bd7 13. Qc2 h6 14.
Bd3 c5 15. dxc5 bxc5 16. O-O Rc8 17. Rfe1 d4 18. Ne4 c4 19. Nxf6+ Qxf6 20. Bh7+
Kh8 21. exd4 Rfe8 22. Rad1 {Ozenir,E (2267)-Araboga,N (1670) Antalya TUR 2019
1-0 (38)}) 8. Bd3 a6 $146 ({RR} 8... Nc6 9. Nge2 Ne7 10. Qc2 c6 11. Bxd6 Qxd6
12. h3 Ng6 13. O-O-O Be6 14. Kb1 a5 15. h4 Nf8 16. f3 Qe7 17. g4 c5 18. Ng3 Qc7
19. Qf2 cxd4 20. exd4 Qf4 21. Rhf1 h6 22. Nge2 Qd6 23. g5 {Gentry,A-Williamson,
K (2082) England 2013 0-1 (60)}) ({RR} 8... Nbd7 9. Bxd6 cxd6 10. Nge2 Nb6 11.
Nf4 Ne4 12. Nfxd5 Nxd5 13. Nxd5 Qa5+ 14. Nc3 Nxc3 15. Qd2 Qg5 16. bxc3 Qxg2 17.
O-O-O Qc6 18. Rhg1 Be6 19. e4 Bc4 20. Bb1 Rac8 21. Rg3 Qa4 22. Rdg1 g6 23. f4 {
Shestakov,D (2290)-Gataullin,A (2068) Sterlitamak 2008 1-0 (32)}) ({RR} 8... c6
9. Nge2 Qe7 10. Qb3 Nbd7 11. Bf5 Nf8 12. Bd3 Ne4 13. Bxe4 dxe4 14. Bxd6 Qxd6
15. Ng3 Qg6 16. h4 h5 17. d5 b6 18. dxc6 Qxc6 19. Qd5 Bb7 20. Qxc6 Bxc6 21.
Nxh5 Ng6 22. Rd1 Rad8 23. Ng3 {Davaademberel,P (1879)-Tornyai,J (1922) Hungary
2015 1-0 (55)}) 9. Nge2 c5 10. dxc5 Bxc5 11. O-O Nc6 12. Rc1 Ba7 13. Bh4 Be6
14. Bb1 Ne5 15. Bxf6 Qxf6 16. Nxd5 Nf3+ 17. Kh1 Qe5 18. Nef4 Bxd5 19. Qxd5 Qxd5
20. Nxd5 Nd2 21. Rfd1 Ne4 22. Kg1 Rab8 23. Bxe4 Rxe4 24. Rc7 Re6 25. g3 Kf8 26.
Rd7 Bc5 27. Rc1 Bd6 28. Nc7 Rf6 29. Rd1 Bxc7 30. Rxc7 Rc6 31. Rdd7 Rxc7 32.
Rxc7 g6 33. a4 b5 34. a5 b4 35. Ra7 b3 36. Rxa6 Rb5 37. Ra7 Kg7 38. Kf1 Kf6 39.
a6 h5 40. Rb7 Ra5 41. a7 Ke6 42. Ke2 Ra2 43. Kd3 1-0

[Event "Floripa Chess Open 2024"]
[Site "Florianopolis"]
[Date "2024.01.22"]
[Round "3.97"]
[White "Bashtavenko, Aleksey"]
[Black "Da Rosa, Henrique Jaze Simoe"]
[Result "1/2-1/2"]
[WhiteElo "1553"]
[BlackElo "1917"]
[PlyCount "50"]
[EventDate "2024.01.20"]
[EventRounds "10"]
[EventCountry "BRA"]

1. d4 d5 2. c4 c6 3. Nf3 Nf6 4. e3 Bf5 5. Bd3 Bxd3 6. Qxd3 e6 7. O-O Bd6 8. b3
O-O 9. Bb2 Nbd7 10. Nbd2 Qe7 $146 ({RR} 10... Qc7 11. e4 dxe4 12. Nxe4 Nxe4 13.
Qxe4 Rfe8 14. Rfe1 Nf8 15. Rad1 Rad8 16. Rd3 Ng6 17. g3 Bb4 18. Red1 Be7 19. h4
h6 20. h5 Nf8 21. Ne5 Nd7 22. f4 Nxe5 23. fxe5 Bg5 24. Ba3 Qa5 25. Bd6 {
Franzen,P (2055)-Sigeman,J (2115) Lund 1998 1/2-1/2 (59)}) ({RR} 10... Qc7 11.
c5 Be7 12. b4 a5 13. a3 b6 14. Bc3 axb4 15. axb4 Rfe8 16. Ra6 Ne4 17. Rxa8 Rxa8
18. Nxe4 dxe4 19. Qxe4 Nf6 20. Qc2 Nd5 21. e4 Nxc3 22. Qxc3 h6 23. Ra1 Rxa1+
24. Qxa1 f6 25. Qa6 {Pawlicki,D (1812)-Jarmuzek,K Poznan 2009 1-0 (36)}) 11. e4
dxe4 12. Nxe4 Nxe4 13. Qxe4 Nf6 14. Qh4 Rfe8 15. Rad1 Rad8 16. Bc1 Nd7 17. Qh3
f6 18. Rfe1 e5 19. Re4 Qf7 20. Nh4 exd4 21. Rexd4 Bc7 22. Be3 Ne5 23. Rxd8 Rxd8
24. Rxd8+ Bxd8 25. Qc8 Qd7 1/2-1/2

[Event "Floripa Chess Open 2024"]
[Site "Florianopolis"]
[Date "2024.01.22"]
[Round "3.98"]
[White "Muzzi, Eduardo"]
[Black "Deretti, Lucas Jurk"]
[Result "1-0"]
[WhiteElo "1913"]
[BlackElo "1548"]
[PlyCount "60"]
[EventDate "2024.01.20"]
[EventRounds "10"]
[EventCountry "BRA"]

1. e4 c5 2. Nf3 d6 3. d4 cxd4 4. Nxd4 Nf6 5. Nc3 a6 6. h3 e5 7. Nde2 Be6 8. g4
Nc6 9. Bg2 Be7 10. Be3 Qc7 11. Nd5 Bxd5 12. exd5 Na5 13. b3 b5 14. O-O Nd7 $146
({RR} 14... Nb7 15. f4 exf4 16. Bxf4 Nc5 17. Nd4 O-O 18. Qf3 Rac8 19. Rae1 Rce8
20. Nf5 Kh8 21. Rxe7 Rxe7 22. Bxd6 Qb6 23. Bxe7 Nce4+ 24. Qe3 Qxe3+ 25. Nxe3
Re8 26. Bxf6 Nxf6 27. Kf2 h6 28. Nf5 Rc8 29. Nd4 {Zhou,Z (1987)-Wang,S (1437)
Zibo 2017 1-0 (37)}) 15. Ng3 g6 16. Ne4 Kd8 17. Rc1 Rc8 18. Qd2 f5 19. Ng5 Bxg5
20. Bxg5+ Ke8 21. gxf5 gxf5 22. Qe2 Nf8 23. f4 e4 24. Bf6 Rg8 25. Qh5+ Qf7 26.
Qxf5 Nd7 27. Qxe4+ Kf8 28. Bg5 Re8 29. Bh6+ Rg7 30. Qxh7 Re2 1-0

[Event "Floripa Chess Open 2024"]
[Site "Florianopolis"]
[Date "2024.01.22"]
[Round "3.99"]
[White "Boeck, Moacir Luis"]
[Black "Da Costa, Mariana Nara Santan"]
[Result "1/2-1/2"]
[WhiteElo "1900"]
[BlackElo "1544"]
[PlyCount "108"]
[EventDate "2024.01.20"]
[EventRounds "10"]
[EventCountry "BRA"]

1. e4 e5 2. Nf3 Nf6 3. Nc3 Nc6 4. Bc4 Nxe4 5. Nxe4 d5 6. Bd3 dxe4 7. Bxe4 Bd6
8. d3 O-O 9. Ng5 ({RR} 9. O-O Bg4 10. c3 Kh8 11. Qa4 f5 12. Bxc6 bxc6 13. Qxc6
Qf6 14. Re1 e4 15. Nd4 exd3 16. g3 f4 17. gxf4 Rad8 18. Bd2 Qg6 19. Qg2 Qh5 20.
f3 Bd7 21. Qg5 Qf7 22. b4 h6 23. Qh4 Qd5 {Orev,P (2224)-Vasilev,M (2473) Sunny
Beach 2010 0-1}) 9... h6 ({RR} 9... g6 10. h4 h5 11. Bd5 Qf6 12. Ne4 Qf5 13.
Qd2 Kg7 14. Qh6+ Kg8 15. Ng5 Qxg5 16. Bxg5 Re8 17. Bf6 {1-0 (17) Acar,
M-Uzunlar,O Antalya TUR 2019}) 10. Qh5 Bb4+ $146 ({RR} 10... Nd4 11. Kd1 Qe8
12. Nf3 Nxf3 13. Qxf3 Qb5 14. Bxh6 gxh6 15. Qg3+ Kh8 16. Qh4 Kg7 17. Qg3+ Kf6
18. Qh4+ Ke6 19. Qxh6+ Ke7 20. Qg5+ f6 21. Qc1 Be6 22. a3 Rad8 23. b4 f5 24.
Qg5+ Rf6 25. Bf3 {Araujo,J (2097)-Chemeris,R (2174) St Joao da Madeira 2001
0-1 (33)}) ({RR} 10... Qe8 11. O-O Nd4 12. f4 exf4 13. Bxf4 Bxf4 14. Rxf4 Ne6
15. Re1 f5 16. Qxe8 Rxe8 17. Nxe6 Bxe6 18. Bxb7 Rab8 19. Bc6 Re7 20. d4 Kf7 21.
b3 Rb6 22. d5 Bc8 23. Kf2 Rxe1 24. Kxe1 g5 25. Ra4 {Schemmann,B (2250)-Roesner,
H (1994) Germany 2005 1-0 (61)}) ({RR} 10... Be7 11. Nh7 Re8 12. Bxh6 gxh6 13.
Qxh6 Qd6 14. Qh5 Bf6 15. h4 Bg7 16. Ng5 Re7 17. O-O-O Qh6 18. Qf3 f6 19. Kb1
Nd4 20. Bd5+ Kf8 21. Qe3 fxg5 22. hxg5 Qd6 23. Be4 Be6 24. g6 Ke8 25. Rh7 {
Webner,D (1912)-Wellen,H (2045) Germany 2010 0-1 (41)}) 11. c3 f5 12. Bxc6 bxc6
13. cxb4 hxg5 14. Bxg5 Qxd3 15. Qe2 Qxe2+ 16. Kxe2 Rb8 17. a3 a5 18. Rac1 axb4
19. Be7 bxa3 20. Bxa3 Rf6 21. Rhd1 Ba6+ 22. Ke1 Rh6 23. h3 Rg6 24. g3 f4 25.
Rc3 e4 26. Rd4 fxg3 27. Rxg3 Rxg3 28. fxg3 e3 29. Re4 e2 30. Bb4 c5 31. Bc3 Bd3
32. Re3 c4 33. Kf2 Rf8+ 34. Rf3 Ra8 35. Re3 Ra1 36. g4 Kf7 37. Kg3 Rg1+ 38. Kf4
Rf1+ 39. Kg5 Rf2 40. h4 Rf1 41. h5 Ra1 42. Bb4 c5 43. Bc3 Ra6 44. Re5 Rb6 45.
Kh4 Re6 46. Rxe6 Kxe6 47. Kg3 Kf7 48. Kf4 Ke6 49. g5 Kf7 50. Ke5 Kg8 51. Kd6
Kf7 52. Kxc5 Kg8 53. Kd4 Kf7 54. Ke5 Kg8 1/2-1/2

[Event "Floripa Chess Open 2024"]
[Site "Florianopolis"]
[Date "2024.01.22"]
[Round "3.100"]
[White "Monteiro, Samuel Ramazzotte"]
[Black "Peixoto, Rudson Marinho"]
[Result "1/2-1/2"]
[WhiteElo "1540"]
[BlackElo "1895"]
[PlyCount "126"]
[EventDate "2024.01.20"]
[EventRounds "10"]
[EventCountry "BRA"]

1. Nf3 d5 2. g3 Nf6 3. Bg2 e6 4. d3 Be7 5. O-O O-O 6. Nbd2 b6 7. e4 Bb7 8. Qe2
({RR} 8. e5 Nfd7 9. Re1 c5 10. Nf1 Na6 11. c3 b5 12. h4 b4 13. c4 dxc4 14. dxc4
Qc7 15. h5 Rad8 16. Qe2 Nab8 17. h6 g6 18. b3 Bxf3 19. Bxf3 Nc6 20. Bxc6 Qxc6
21. Nh2 Qb7 22. Ng4 Nb8 {Quinteros,M (2555)-Reshevsky,S (2490) Amsterdam 1977
1/2-1/2 (59)}) 8... c5 ({RR} 8... Nbd7 9. e5 Ne8 10. Re1 c5 11. Nf1 d4 12. h4
Nc7 13. N1h2 Nd5 14. h5 Re8 15. h6 g6 16. Ng4 Nf8 17. Bd2 a5 18. a4 Qd7 19. b3
b5 20. Ng5 bxa4 21. Rxa4 Bc6 22. Raa1 a4 23. bxa4 {Kekic,A (2164)-Tarhan,A 
(2077) chess.com INT 2021 1-0 (41)}) 9. c3 Nc6 10. Ne1 e5 $146 ({RR} 10... Qc7
11. f4 dxe4 12. Nxe4 Rad8 13. Be3 Ba6 14. Nxf6+ Bxf6 15. Qc2 Ne7 16. Be4 g6 17.
Qa4 Bb7 18. Qxa7 Nd5 19. Bxd5 exd5 20. Qa4 d4 21. Bd2 Rfe8 22. Rf2 Re7 23. c4
Rde8 24. Ng2 Bc6 25. Qd1 {Macek,K (1951)-Cenek,M (2029) Teplice 2007 0-1 (39)})
11. exd5 Nxd5 12. Nc4 Bf6 13. Nf3 Re8 14. a4 a6 15. Na3 Na5 16. Nd2 g6 17. Rd1
Qc7 18. h4 Bg7 19. Nac4 Nxc4 20. Nxc4 f5 21. h5 b5 22. axb5 axb5 23. Rxa8 Bxa8
24. Na3 b4 25. Nb5 Qb6 26. c4 Nc7 27. Nxc7 Qxc7 28. hxg6 hxg6 29. Bxa8 Rxa8 30.
Be3 Qc6 31. Bg5 Kf7 32. f3 Ra2 33. Rd2 Ra1+ 34. Kg2 Qa8 35. Qe3 Qh8 36. Bh4 Qh6
37. Qg5 Qxg5 38. Bxg5 Bf6 39. Be3 Be7 40. f4 exf4 41. gxf4 Re1 42. Bf2 Re6 43.
Kf3 g5 44. fxg5 Bxg5 45. Rd1 Be7 46. b3 Ra6 47. Kf4 Ra2 48. Be3 Rb2 49. Kxf5
Rxb3 50. Ke5 Ra3 51. Kd5 Ra5 52. Rb1 Ke8 53. Kc6 Kf7 54. d4 cxd4 55. Bxd4 Ra3
56. c5 b3 57. Kb5 Ke6 58. c6 Bd6 59. Bb6 b2 60. Rxb2 Rc3 61. Re2+ Kd5 62. Rd2+
Ke6 63. Ba5 Rb3+ 1/2-1/2

[Event "Floripa Chess Open 2024"]
[Site "Florianopolis"]
[Date "2024.01.22"]
[Round "3.101"]
[White "Ferreira, Gabriel Duque"]
[Black "Dos Santos, Welligton Carlos"]
[Result "1-0"]
[WhiteElo "1891"]
[BlackElo "1541"]
[PlyCount "75"]
[EventDate "2024.01.20"]
[EventRounds "10"]
[EventCountry "BRA"]

1. c4 c5 2. Nc3 Nc6 3. g3 g6 4. Bg2 Bg7 5. Nf3 d6 6. O-O e5 7. d3 Nge7 8. Ne1
O-O 9. Nc2 f5 ({RR} 9... a6 10. Ne3 Rb8 11. a4 h6 12. Ned5 Kh7 13. Bd2 Bg4 14.
Rb1 a5 15. f4 f5 16. h3 Bh5 17. Qe1 Nxd5 18. Nxd5 Qd7 19. e3 Rbe8 20. Bc3 Nb4
21. Bxb4 axb4 22. e4 Qxa4 23. g4 fxg4 24. f5 {Terekhin,A (2515)-Shinkevich,V 
(2531) Perm 2008 1/2-1/2 (54)}) 10. Ne3 ({RR} 10. f4 Be6 11. Ne3 exf4 12. gxf4
Rb8 13. Ned5 Bf7 14. Kh1 Nxd5 15. Bxd5 Bxd5+ 16. cxd5 Ne7 17. a4 b6 18. e4 a6
19. Qf3 b5 20. axb5 axb5 21. Rg1 b4 22. Ne2 Kh8 23. Ng3 Ra8 24. Rxa8 Qxa8 {
Mortazavi,A (2333)-Simonovic,M (2115) chess.com INT 2021 1-0 (53)}) 10... Nd4
$146 ({RR} 10... f4 11. Ned5 Nf5 12. e3 fxe3 13. fxe3 Be6 14. Bd2 Qd7 15. Qe2
Nce7 16. Rf2 Nh6 17. Nxe7+ Qxe7 18. Nd5 Qd7 19. Rxf8+ Rxf8 20. Rf1 b6 21. Rxf8+
Kxf8 22. b4 Nf7 23. b5 Bh6 24. a4 Kg7 25. Qf1 {Konle,W-Birke,M (2290) Germany
1989 1/2-1/2 (40)}) ({RR} 10... h6 11. f4 Kh7 12. Rb1 a5 13. Ned5 Be6 14. a3
Rb8 15. Bd2 exf4 16. gxf4 b6 17. b4 axb4 18. axb4 Bxd5 19. Nxd5 Nxd5 20. cxd5
Nxb4 21. Bxb4 cxb4 22. Rxb4 Qc7 23. Rc4 Qa7 24. Rc6 b5+ 25. Kh1 {Milanovic,D 
(2480)-Navrotescu,C (2397) playchess.com INT 2005 0-1 (78)}) ({RR} 10... f4 11.
Ned5 g5 12. Nxe7+ Qxe7 13. a3 Be6 14. Rb1 Qd7 15. b4 cxb4 16. axb4 Bh3 17. Bd5+
Kh8 18. Re1 Nd4 19. Bb2 Be6 20. Be4 Qf7 21. Bg2 Bg4 22. f3 Bd7 23. g4 h5 {
1/2-1/2 (23) Pahor,A (2034)-Grabics,M (2340) Rijeka 2003}) 11. Ned5 Nec6 12. e3
Ne6 13. Rb1 Rb8 14. a3 Bd7 15. b4 b6 16. Bd2 Bh6 17. f4 Bg7 18. b5 Ne7 19. a4
Nc7 20. a5 Bc8 21. axb6 axb6 22. Nxc7 Qxc7 23. Ra1 Bb7 24. Ra7 Qc8 25. Qa4 Re8
26. Bxb7 Rxb7 27. Qa6 Rxa7 28. Qxa7 Qa8 29. Ra1 exf4 30. gxf4 Kf8 31. Kf2 d5
32. cxd5 Nxd5 33. Nxd5 Bxa1 34. Qxa1 Qd8 35. Qh8+ Kf7 36. Qxh7+ Ke6 37. Nc7+
Kf6 38. Bc3+ 1-0

[Event "Floripa Chess Open 2024"]
[Site "Florianopolis"]
[Date "2024.01.22"]
[Round "3.102"]
[White "Cunha, Rodrigo Azalim"]
[Black "Bezerra, Fabiano De Oliveira"]
[Result "0-1"]
[WhiteElo "1540"]
[BlackElo "1890"]
[PlyCount "98"]
[EventDate "2024.01.20"]
[EventRounds "10"]
[EventCountry "BRA"]

1. e4 c6 2. d4 d5 3. Nc3 dxe4 4. Nxe4 Nd7 5. Bc4 e6 6. Qe2 Ndf6 7. Nxf6+ Nxf6
8. Nf3 Be7 9. Bg5 h6 ({RR} 9... O-O 10. O-O Qc7 11. Rfe1 b5 12. Bd3 a6 13. Ne5
Bb7 14. Ng4 Nxg4 15. Qxg4 Bxg5 16. Qxg5 Rad8 17. Re3 Rxd4 18. Rh3 f5 19. Re1
Rf6 20. Qh5 g6 21. Qg5 Qg7 22. f4 c5 23. c3 Rd7 24. c4 {Baranowsky,P (1929)
-Arndt,U (1995) Berlin 2016 0-1 (35)}) 10. Be3 $146 ({RR} 10. Bh4 O-O 11. O-O-O
Nd5 12. Bxe7 Qxe7 13. Ne5 a5 14. g4 a4 15. a3 b5 16. Bd3 Bb7 17. Qe4 f5 18.
gxf5 exf5 19. Qg2 Rf6 20. Rde1 Qc7 21. Qg3 b4 22. Bc4 bxa3 23. Qxa3 Qd6 24.
Qxd6 Rxd6 {Bereslavsky,M (2143)-Aleskerov,F (2080) Baku 1999 1-0 (41)}) 10...
Nd5 11. O-O-O Qa5 12. Bd2 Qb6 13. h4 Qc7 14. Ne5 Bf6 15. g4 Bxe5 16. dxe5 Bd7
17. g5 h5 18. Bd3 g6 19. f4 c5 20. Be4 O-O 21. Qd3 Bc6 22. Bxg6 fxg6 23. Qxg6+
Qg7 24. Qxe6+ Qf7 25. Qxf7+ Rxf7 26. Rhf1 Raf8 27. e6 Rf5 28. Rde1 Re8 29. c4
Nc7 30. e7 Kf7 31. Bc3 Rg8 32. Re5 Kg6 33. Rd1 Rxe5 34. Bxe5 Ne8 35. Bc3 Kf5
36. Rf1 Rg6 37. Kd2 Re6 38. Re1 Be4 39. Bf6 Nxf6 40. gxf6 Kxf6 41. Rg1 Rxe7 42.
Rg5 Bf5 43. Rxh5 Re4 44. b3 Rxf4 45. a3 Rf2+ 46. Kc1 Rc2+ 47. Kb1 Rf2+ 48. Kc1
Ke5 49. b4 Kd4 0-1

[Event "Floripa Chess Open 2024"]
[Site "Florianopolis"]
[Date "2024.01.22"]
[Round "3.103"]
[White "Mariani, Kim Paul"]
[Black "Cruz, Natan Gomes"]
[Result "0-1"]
[WhiteElo "1530"]
[BlackElo "1888"]
[PlyCount "60"]
[EventDate "2024.01.20"]
[EventRounds "10"]
[EventCountry "BRA"]

1. d4 d5 2. c4 c6 3. cxd5 cxd5 4. Nc3 Nf6 5. f3 Nc6 6. e4 e6 7. Be3 ({RR} 7. e5
Ng8 8. Be3 Nge7 9. Bf2 Nf5 10. Bb5 Bd7 11. Nge2 Nb4 12. Bxd7+ Qxd7 13. g4 Ne7
14. Nf4 g6 15. a3 Nbc6 16. Nd3 b6 17. h4 h5 18. b4 Bg7 19. a4 f6 20. f4 hxg4
21. Qxg4 Rh6 {Agdestein,S (2610)-Petrov,N (2464) Reykjavik 2016 0-1 (65)}) ({RR
} 7. e5 Nd7 8. f4 f5 9. Nf3 Be7 10. Bd3 O-O 11. Be3 Nb6 12. b3 Bd7 13. O-O Be8
14. Ne2 a5 15. a3 a4 16. b4 Nc4 17. Bxc4 dxc4 18. Nc3 Na7 19. d5 exd5 20. Nxd5
Nb5 21. Bb6 Qd7 {Aditya,M (2483)-Salinas Herrera,P (2517) chess.com INT 2022
1-0 (48)}) 7... dxe4 8. fxe4 Bb4 9. Qd3 O-O $146 ({RR} 9... Qa5 10. Nge2 O-O
11. O-O-O Bxc3 12. Nxc3 Nb4 13. Qb1 Bd7 14. a3 Na6 15. Bd3 Rac8 16. Qa2 Nb4 17.
Qb1 Nxd3+ 18. Qxd3 Nxe4 19. Qxe4 Rxc3+ 20. bxc3 Qxc3+ 21. Qc2 Qxe3+ 22. Kb2 Qg5
23. Rd3 Bc6 24. Rg3 {Wintergerst,J (2066)-Braun,B (1854) Germany 2003 0-1}) 10.
Nf3 b6 11. Be2 Bb7 12. O-O Be7 13. a3 Rc8 14. Rae1 Na5 15. Bd1 Nc4 16. Bc1 a6
17. Bc2 g6 18. Bb3 Qc7 19. Re2 b5 20. e5 Nh5 21. Bh6 Rfd8 22. Ng5 Rxd4 23. Qh3
Nf4 24. Qg3 Nxe2+ 25. Nxe2 Rd7 26. Qh3 Bxg5 27. Bxg5 Qxe5 28. Bxc4 Rxc4 29. Be3
Rd3 30. Rxf7 Qxe3+ 0-1

[Event "Floripa Chess Open 2024"]
[Site "Florianopolis"]
[Date "2024.01.22"]
[Round "3.104"]
[White "Barbosa, Rafael Santos"]
[Black "Cerrato, Alex"]
[Result "0-1"]
[WhiteElo "1524"]
[BlackElo "1884"]
[PlyCount "44"]
[EventDate "2024.01.20"]
[EventRounds "10"]
[EventCountry "BRA"]

1. d4 d5 2. c4 e5 3. dxe5 d4 4. a3 Nc6 5. Nf3 Bg4 6. Nbd2 Qe7 7. g3 ({RR} 7. b4
O-O-O 8. Bb2 f6 9. Qa4 Kb8 10. O-O-O a6 11. exf6 Nxf6 12. h3 Bc8 13. g3 Nd7 14.
Qc2 Qf7 15. Bg2 Nde5 16. Qb3 Nxf3 17. Qxf3 Qe6 18. Rhe1 Be7 19. e4 Rhf8 20. Qe2
a5 21. bxa5 Nxa5 {Kropff,R (2294)-Delgado Ramirez,N (2609) Asuncion 2011 0-1})
({RR} 7. Qb3 O-O-O 8. e4 Nxe5 9. Nxe5 Qxe5 10. Bd3 f5 11. O-O f4 12. f3 Be6 13.
Qa4 Kb8 14. b4 g5 15. c5 Nf6 16. Bb2 g4 17. Kf2 g3+ 18. Ke1 gxh2 19. Qc2 Qh5
20. Rh1 Qh4+ 21. Kd1 Rg8 {Pikula,R (1985)-Pobor,D (2034) Podgorica MNE 2023
1-0 (37)}) 7... O-O-O 8. Bg2 h5 9. b4 h4 $146 ({RR} 9... d3 10. Bb2 f6 11. Nh4
dxe2 12. Qa4 Nxe5 13. Bxe5 Qxe5 14. Ra2 Rxd2 15. Kxd2 Qd4+ 16. Kc1 Qc3+ 17. Rc2
Qa1+ 18. Kd2 Qd4+ 19. Kc1 Qa1+ 20. Kd2 Qd1+ 21. Rxd1 exd1=Q+ 22. Kc3 Qe1+ 23.
Rd2 Bd6 24. Qxa7 {Diez,T (1395)-Lehmann,P (1939) Leipzig 2005 1-0 (40)}) 10.
O-O hxg3 11. fxg3 Bh3 12. b5 Nxe5 13. Nxe5 Qxe5 14. Nf3 Qh5 15. Bxh3+ Qxh3 16.
Qd3 Be7 17. Nh4 Bxh4 18. gxh4 Qxh4 19. Bf4 Nh6 20. Bxh6 Rxh6 21. Qf5+ Kb8 22.
Rf2 Rf6 0-1

[Event "Floripa Chess Open 2024"]
[Site "Florianopolis"]
[Date "2024.01.22"]
[Round "3.105"]
[White "Bastos, Guilherme Exterhott"]
[Black "Soares, Rafael Tuma"]
[Result "0-1"]
[WhiteElo "1883"]
[BlackElo "1540"]
[PlyCount "70"]
[EventDate "2024.01.20"]
[EventRounds "10"]
[EventCountry "BRA"]

1. d4 d5 2. Bf4 Nf6 3. e3 c5 4. Nc3 Nc6 ({RR} 4... e6 5. Nb5 Na6 6. h3 Be7 7.
Nf3 O-O 8. c3 Bd7 9. a4 Qb6 10. Be2 Bxb5 11. axb5 Nc7 12. Qa4 c4 13. Bxc7 Qxc7
14. Nd2 e5 15. O-O exd4 16. exd4 Qf4 17. Rfd1 Bd6 18. Nf1 Ne4 19. Bf3 {
Bosiocic,M (2625)-Sevian,S (2660) chess.com INT 2020 1-0 (33)}) 5. Nb5 Qa5+ ({
RR} 5... e5 6. Bxe5 Nxe5 7. dxe5 Ne4 8. Qxd5 Qxd5 9. Nc7+ Kd7 10. Nxd5 Kc6 11.
c4 Be6 12. f3 Ng5 13. h4 Bxd5 14. cxd5+ Kxd5 15. hxg5 Kxe5 {1-0 (15) Streltsov,
A (2341)-Yonal,T (2003) chess.com INT 2024}) 6. c3 Rb8 $146 ({RR} 6... Bg4 7.
f3 Rc8 8. fxg4 a6 9. a4 g5 10. Bxg5 Ne4 11. Bf4 Bg7 12. Bd3 Qb6 13. a5 Nxa5 14.
Nc7+ Rxc7 15. Bxe4 dxe4 16. Qa4+ Nc6 17. d5 {1-0 (17) Kosic,D (2485)-Geler,A  
(2274) Tivat 2011}) ({RR} 6... e5 7. dxe5 c4 8. a4 a6 9. exf6 axb5 10. Qxd5 Be6
11. Qe4 gxf6 12. Rd1 f5 13. Qf3 Bg7 14. e4 Nd4 15. Qg3 Nc2+ 16. Ke2 Rg8 17. Bc7
Qxa4 18. Qh4 f6 19. Qh5+ Ke7 20. Bd6+ Kd7 21. exf5 {Cawley,P (2070)-Sajjadi,K 
(1634) Caleta 2015 1-0 (35)}) 7. Bxb8 Nxb8 8. dxc5 a6 9. b4 Qd8 10. Nd4 e5 11.
Nb3 Nc6 12. Nf3 Bf5 13. Bd3 Bxd3 14. Qxd3 e4 15. Qe2 exf3 16. Qxf3 Ne5 17. Qe2
Ne4 18. O-O Nxc3 19. Qb2 Qf6 20. Rac1 Ne4 21. Rc2 Be7 22. Rd1 Qe6 23. Na5 Bf6
24. Qb3 Qg4 25. Qxd5 Nf3+ 26. Kh1 Nh4 27. f4 O-O 28. h3 Qg6 29. Nxb7 Ng3+ 30.
Kh2 Qxc2 31. Kxg3 Nf5+ 32. Kf3 Nh4+ 33. Kg3 Nf5+ 34. Kf3 Re8 35. Nd6 Rxe3+ 0-1

[Event "Floripa Chess Open 2024"]
[Site "Florianopolis"]
[Date "2024.01.22"]
[Round "3.106"]
[White "Da Silva, Kauan Salvagni Tele"]
[Black "Paz, Martin"]
[Result "0-1"]
[WhiteElo "1517"]
[BlackElo "1880"]
[PlyCount "66"]
[EventDate "2024.01.20"]
[EventRounds "10"]
[EventCountry "BRA"]

1. d4 Nf6 2. c4 e5 3. d5 Bc5 4. Nc3 d6 5. Bd2 ({RR} 5. h3 c6 6. e4 O-O 7. Bd3
a5 8. Nge2 Na6 9. O-O Nh5 10. Kh2 Qh4 11. Qe1 Nf4 12. Nxf4 exf4 13. f3 Qh6 14.
Ne2 g5 15. g4 Bd7 16. a3 cxd5 17. cxd5 b5 18. Kg2 Bb6 19. h4 f6 {Krouzel,J  
(2297)-Pokorny,Z (2330) Czechia 1999 1-0 (32)}) ({RR} 5. h3 Bf5 6. e3 h6 7. Nf3
a5 8. Be2 O-O 9. O-O Re8 10. Nd2 e4 11. Nb3 Nbd7 12. Nd4 Bg6 13. a3 Ne5 14. Rb1
c6 15. Bd2 Qc7 16. b4 axb4 17. axb4 Bb6 18. Nb3 cxd5 19. cxd5 Bf5 {Janisch,
M-Michalowski,P (2048) Germany 2012 1/2-1/2}) 5... a6 6. Qc2 $146 ({RR} 6. b4
Ba7 7. e3 O-O 8. Nge2 Bf5 9. Ng3 Bg6 10. e4 Bd4 11. Bd3 c6 12. O-O Nbd7 13. Rc1
h5 14. Bg5 Qb6 15. Qb3 Ng4 16. Rc2 f6 17. Bc1 Rf7 18. h3 h4 19. Nf5 Bxf5 20.
exf5 Nh6 {Kchouk,B-Reissmann,P Havana 1966 1-0 (31)}) 6... O-O 7. e3 c6 8. Bd3
b5 9. Ne4 Nxe4 10. Bxe4 f5 11. Bf3 e4 12. Be2 Bb7 13. dxc6 Nxc6 14. cxb5 Ne5
15. Bc3 Nd3+ 16. Bxd3 exd3 17. Qb3+ Kh8 18. Nf3 f4 19. Nd4 Bc8 20. Qd5 fxe3 21.
O-O-O exf2 22. Qxa8 d2+ 23. Bxd2 Bxd4 24. Qd5 Qf6 25. Qb3 Bf5 26. Bc3 Be3+ 27.
Rd2 Bxd2+ 28. Bxd2 Rc8+ 29. Bc3 Qg5+ 30. Kd1 Bg4+ 31. Kc2 Qf5+ 32. Kd2 Qf4+ 33.
Kc2 Bf5+ 0-1